000 00343 a2200109 4500
001 ART_12713
005 20260410161909.0
008 260409a
245 1 0 _aImport prices and stagflation in the industrial countries
100 1 _aBruno, Michael
773 0 _tThe Economic Journal
_g- Vol. 90, NÂș 359 (set. 1980)
_wREV12512
999 _c26606
_d26606